Technology, management and markets : An investigation of R& D and innovation in industrial organizations

Spremljeno u:
Bibliografski detalji
Glavni autor: Granstrand, Ove
Format: Knjiga
Jezik:Undetermined
Izdano: London Frances Pinter 1982
Teme:
Oznake: Dodaj oznaku
Bez oznaka, Budi prvi tko označuje ovaj zapis!
Thư viện lưu trữ: Trung tâm Học liệu Trường Đại học Cần Thơ
LEADER 00538nam a2200181Ia 4500
001 CTU_79030
008 210402s9999 xx 000 0 und d
082 |a 658.7 
082 |b F855 
100 |a Granstrand, Ove 
245 0 |a Technology, management and markets : 
245 3 |b An investigation of R& D and innovation in industrial organizations 
245 0 |c Ove Granstrand 
260 |a London 
260 |b Frances Pinter 
260 |c 1982 
650 |a Research industrial 
980 |a Trung tâm Học liệu Trường Đại học Cần Thơ